| 000 | 00793pam a2200277 a 4500 | ||
|---|---|---|---|
| 001 | 11332 | ||
| 003 | BD-RjUL | ||
| 005 | 20211208235116.0 | ||
| 008 | 140126s1981 nyua b 001 0 eng | ||
| 020 | _a006163400X | ||
| 035 | _a(BD-RjUL)11381 | ||
| 040 |
_aDLC _cDLC _dBD-RjUL _beng |
||
| 041 | _aeng | ||
| 082 | 0 | 0 |
_a547 _219 _bWIO 1981 |
| 100 | 1 |
_aWingrove, Alan S., _d1939- _935039 |
|
| 245 | 1 | 0 |
_aOrganic chemistry / _cAlan S. Wingrove, Robert L. Caret. |
| 260 |
_aNew York : _bHarper & Row, _cc1981. |
||
| 300 |
_axxiv, 1334 p. : _bill. ; _c26 cm. |
||
| 500 | _aIncludes index. | ||
| 504 | _aBibliography: p. 1321-1334. | ||
| 650 | 0 |
_aChemistry, Organic. _935040 |
|
| 700 | 1 |
_aCaret, Robert L., _d1947- _935041 |
|
| 942 |
_2ddc _cBK |
||
| 999 |
_c11332 _d11332 |
||